Apuntes para la historia politica de Africa /

Saved in:

Main Author: Ruiz de Cuevas, Teodoro (Author)

Corporate Author: Spain.‪ Dirección General de Relaciones Culturales.

Format: Book

Language: Spanish

Published: Madrid : Dirección General de Relaciones Culturales, 1974.

Subjects:

Tags: Add Tag

No Tags, Be the first to tag this record!

Call Number: DT31 .R82 v.2/5

LEADER 00838namaa2200241 4500
001 18829
003 OSt
005 20260316071258.0
008 130303s1974 sp 000 0 spa d
040 |c ARCE Library 
043 |a f----- 
050 4 |a DT31 .R82 v.2/5 
100 2 |a Ruiz de Cuevas, Teodoro,  |e author 
245 1 0 |a Apuntes para la historia politica de Africa /  |c Teodoro Ruiz de Cuevas ; España. Dirección General de Relaciones Culturales. 
264 1 |a Madrid :  |b Dirección General de Relaciones Culturales,  |c 1974. 
300 |a volume <2/5> ;   |c 24 cm. 
505 2 |g volume 2.  |t Estados saharianos : tome 5. Mali = Niger = Chad. 
555 |a wafaa.lib. 
651 0 |a Africa  |x Politics and government. 
710 1 |a Spain.‪  |b Dirección General de Relaciones Culturales. 
901 |a reviewed 
942 |c BK  |2 lcc 
999 |c 20207  |d 20207